| 000 | 00612nam a2200193 i 4500 | ||
|---|---|---|---|
| 001 | 96339 | ||
| 003 | ES-MaACL | ||
| 007 | t| | ||
| 008 | 050615s1974 sp ||||1| spa d | ||
| 100 | 1 |
_aMaisonneuve, Jean. _975622 |
|
| 245 | 1 | 0 |
_aIntroducción a la psicología / _cJean Maisonneuve; [versión de Alfredo Guerra; revisado por Gonzalo Gonzalvo Mainar]. |
| 250 | _a[1ª ed.]. | ||
| 260 |
_aMadrid : _bMorata, _c1974. |
||
| 300 |
_a247 p. : _bil. ; _c21 cm. |
||
| 700 | 1 |
_aGuerra, Alfredo. _960482 |
|
| 700 | 1 |
_aGonzalvo Mainar, Gonzalo. _9181407 |
|
| 852 |
_aES-MaACL _jE-7080 _bR.91404 |
||
| 999 |
_c96339 _d96339 |
||